Jiaolong's sea explorations / (Record no. 587734)

000 -LEADER
fixed length control field 00443nam a22001697a 4500
003 - CONTROL NUMBER IDENTIFIER
control field NUST
005 - DATE AND TIME OF LATEST TRANSACTION
control field 20220201101257.0
020 ## - INTERNATIONAL STANDARD BOOK NUMBER
International Standard Book Number 9787508540078
038 ## - RECORD CONTENT LICENSOR
Staff Name Muhammad Ibrhim
082 ## - DEWEY DECIMAL CLASSIFICATION NUMBER
Classification number 070.43
Author Mark CHE 2019
100 ## - MAIN ENTRY--PERSONAL NAME
Personal name Chen , Xu
9 (RLIN) 88686
245 ## - TITLE STATEMENT
Title Jiaolong's sea explorations /
Remainder of title Xu Chen
260 ## - PUBLICATION, DISTRIBUTION, ETC.
Place of publication, distribution, etc. Beijing Shi :
Name of publisher, distributor, etc. China Intercontinental Press,
Date of publication, distribution, etc. 2019
300 ## - PHYSICAL DESCRIPTION
Extent 340 p
Other physical details illustrations
Dimensions 23 cm.
563 ## - BINDING INFORMATION
Binding note PB
942 ## - ADDED ENTRY ELEMENTS (KOHA)
Source of classification or shelving scheme
Koha item type Book
Holdings
Withdrawn status Lost status Source of classification or shelving scheme Damaged status Not for loan Permanent Location Current Location Shelving location Date acquired Total Checkouts Full call number Barcode Date last seen Price effective from Koha item type
          Centre for International Peace & Stability (CIPS) Centre for International Peace & Stability (CIPS) General Stacks 02/01/2022   070.43 CHE 2019 CIPSD0000610 02/01/2022 02/01/2022 Book
© 2023 Central Library, National University of Sciences and Technology. All Rights Reserved.